<?xml version="1.0" encoding="UTF-8"?>
<record
    xmlns:xsi="http://www.w3.org/2001/XMLSchema-instance"
    xsi:schemaLocation="http://www.loc.gov/MARC21/slim http://www.loc.gov/standards/marcxml/schema/MARC21slim.xsd"
    xmlns="http://www.loc.gov/MARC21/slim">

  <leader>01722nam a2200253 i 4500</leader>
  <controlfield tag="003">DO-SdBNP</controlfield>
  <controlfield tag="005">20240703090448.0</controlfield>
  <controlfield tag="007">ta</controlfield>
  <controlfield tag="008">240701e2004    dr ||||| |||| 00| 0 spa d</controlfield>
  <datafield tag="020" ind1=" " ind2=" ">
    <subfield code="a">996894243X</subfield>
  </datafield>
  <datafield tag="040" ind1=" " ind2=" ">
    <subfield code="a">DO-SdBNP</subfield>
    <subfield code="b">spa</subfield>
    <subfield code="c">BNPHU</subfield>
    <subfield code="e">rda</subfield>
  </datafield>
  <datafield tag="082" ind1=" " ind2="4">
    <subfield code="2">22</subfield>
    <subfield code="b">F954p</subfield>
  </datafield>
  <datafield tag="100" ind1="1" ind2=" ">
    <subfield code="a">Fuenmayor Espina, Alejandro </subfield>
    <subfield code="e">autor</subfield>
    <subfield code="9">85927</subfield>
  </datafield>
  <datafield tag="245" ind1="1" ind2="0">
    <subfield code="a">Las garant&#xED;as y procedimientos internacionales del derecho a la informaci&#xF3;n en el pacto de San Jos&#xE9;:</subfield>
    <subfield code="b">an&#xE1;lisis jur&#xED;dico y pol&#xED;tico de los art&#xED;culos 13&#xBA; y 14&#xBA; de la convenci&#xF3;n americana sobre derechos humanos /</subfield>
    <subfield code="c">Alejandro Fuenmayor Espina; pr&#xF3;logo, Alejandro Alfonso</subfield>
  </datafield>
  <datafield tag="264" ind1=" " ind2="1">
    <subfield code="a">San Jos&#xE9;, Costa Rica :</subfield>
    <subfield code="b">Unesco,</subfield>
    <subfield code="c">2004</subfield>
  </datafield>
  <datafield tag="300" ind1=" " ind2=" ">
    <subfield code="a">72 p&#xE1;ginas ;</subfield>
    <subfield code="c">21 cm.</subfield>
  </datafield>
  <datafield tag="336" ind1=" " ind2=" ">
    <subfield code="2">rdacontent</subfield>
    <subfield code="a">texto</subfield>
    <subfield code="b">txt</subfield>
  </datafield>
  <datafield tag="337" ind1=" " ind2=" ">
    <subfield code="2">rdamedia</subfield>
    <subfield code="a">sin mediaci&#xF3;n</subfield>
    <subfield code="b">n</subfield>
  </datafield>
  <datafield tag="338" ind1=" " ind2=" ">
    <subfield code="2">rdacarrier</subfield>
    <subfield code="a">volumen</subfield>
    <subfield code="b">nc</subfield>
  </datafield>
  <datafield tag="505" ind1=" " ind2=" ">
    <subfield code="a">I. Pr&#xF3;logo.</subfield>
    <subfield code="t">II. Introducci&#xF3;n.--</subfield>
    <subfield code="t">III. V&#xED;nculo Jur&#xED;dico entre el Pacto y los pa&#xED;ses latinoamericanos miembros que le han reconocido competencia a la corte o a la comisi&#xF3;n.--</subfield>
    <subfield code="t">IV. Rango constitucional y de aplicaci&#xF3;n preferente del pacto en el derecho interno de algunos pa&#xED;ses miembros.--</subfield>
    <subfield code="t">V. An&#xE1;lisis jur&#xED;dico de los Art&#xED;culos 13&#xBA; y 14&#xBA;.--</subfield>
    <subfield code="t">VI. Los &#xF3;rganos de protecci&#xF3;n internacional de la Convenci&#xF3;n Americana sobre Derechos Humanos.--</subfield>
    <subfield code="t">VII. La Comisi&#xF3;n Interamericana de Derechos Humanos.--</subfield>
    <subfield code="t">VIII. La Corte Interamericana de Derechos Humanos.--</subfield>
    <subfield code="t">IX. Conclusiones.--</subfield>
    <subfield code="t">X. Anexos: I. Declaraci&#xF3;n de Principios sobre Libertad de Expresi&#xF3;n. II. S&#xED;ntesis sobre la Jurisprudencia Interamericana en Materia de Libertad de Expresi&#xF3;n.--</subfield>
  </datafield>
  <datafield tag="590" ind1=" " ind2=" ">
    <subfield code="a">Inventariado 2024 / MF</subfield>
  </datafield>
  <datafield tag="700" ind1="1" ind2=" ">
    <subfield code="a">Alfonso, Alejandro,</subfield>
    <subfield code="e">pr&#xF3;logo</subfield>
    <subfield code="9">85935</subfield>
  </datafield>
  <datafield tag="942" ind1=" " ind2=" ">
    <subfield code="2">ddc</subfield>
    <subfield code="c">LBS1</subfield>
  </datafield>
  <datafield tag="952" ind1=" " ind2=" ">
    <subfield code="0">0</subfield>
    <subfield code="1">0</subfield>
    <subfield code="2">ddc</subfield>
    <subfield code="5">6</subfield>
    <subfield code="7">0</subfield>
    <subfield code="8">GR</subfield>
    <subfield code="a">BNPHU</subfield>
    <subfield code="b">BNPHU</subfield>
    <subfield code="c">CT</subfield>
    <subfield code="d">2018-07-02</subfield>
    <subfield code="e">Donado CERTV</subfield>
    <subfield code="l">0</subfield>
    <subfield code="o">F954p</subfield>
    <subfield code="p">2024-4001</subfield>
    <subfield code="r">2024-07-02</subfield>
    <subfield code="w">2024-07-02</subfield>
    <subfield code="y">LBS1</subfield>
  </datafield>
  <datafield tag="999" ind1=" " ind2=" ">
    <subfield code="c">57104</subfield>
    <subfield code="d">57104</subfield>
  </datafield>
</record>
